| 000 | 00589nam a2200217 a 4500 | ||
|---|---|---|---|
| 001 | 72980 | ||
| 003 | BD-RjUL | ||
| 005 | 20211209082332.0 | ||
| 008 | 170525s1956 ntu||||| |||| 00| 0 eng d | ||
| 035 | _a(BD-RjUL)73198 | ||
| 040 |
_aBD-RjUL _beng _cBD-RjUL |
||
| 041 | _aeng | ||
| 082 |
_223 _a615 _bDRU 1956 |
||
| 245 |
_aDrugs in current use / _cEdited by Walter Modell |
||
| 260 |
_aNew York : _bSpring Pub. Co., _cc1956. |
||
| 300 |
_avii, 150 p. ; _c18 cm. |
||
| 650 |
_aPharmacology. _9215845 |
||
| 650 |
_aDrugs _9215846 |
||
| 700 |
_aModell, Walter _qed. _9215847 |
||
| 942 |
_2ddc _cBK |
||
| 999 |
_c72980 _d72980 |
||